Statistics for Top 10 Chinese cities by population

Click here to take the quiz!

General Stats

  • This quiz has been taken 362 times
    (359 since last reset)
  • The average score is 6 of 10

Answer Stats

Hint Answer % Correct
23,000,000Shanghai
100%
18,079,000Beijing
99%
12,385,000Guangzhou
91%
7,431,000Hong Kong
78%
9,670,000Tianjin
71%
12,337,000Shenzhen
62%
11,054,000Chongqing
60%
10,256,000Wuhan
52%
7,859,000Dongguan
17%
8,910,000Foshan
11%

Score Distribution

Percentile by Number Answered

Percent of People with Each Score

Your Score History

You have not taken this quiz since the last reset